000 00194nam a22000857a 4500
003 SGT
245 _aJournal of Cranio Maxillofacial SUrgeyr
260 _bScience Direct
_c2013-2016
942 _2ddc
_cBV
999 _c29885
_d29885